书目信息 |
| 题名: |
结缔组织病
|
|
| 作者: | 张凤山 , 于淞 主编 | |
| 分册: | ||
| 出版信息: | 天津 天津科学技术出版社 1982 |
|
| 页数: | 460页 | |
| 开本: | 19cm | |
| 丛书名: | ||
| 单 册: | ||
| 中图分类: | R593.2 | |
| 科图分类: | ||
| 主题词: | 胶原病 | |
| 电子资源: | ||
| ISBN: | 14212.48 | |
| 000 | 00637nam0 2200241 450 | |
| 001 | 0182010366 | |
| 005 | 20100712220332.0 | |
| 010 | @a14212.48@dCNY1.18 | |
| 091 | @a14212.48 | |
| 100 | @a19950416d1982 em y0chiy0110 ea | |
| 101 | 0 | @achi |
| 102 | @aCN@b120000 | |
| 105 | @ay z 000yy | |
| 106 | @ar | |
| 200 | 1 | @a结缔组织病@9Jie Di Zu Zhi Bing @f张凤山,于淞主编 |
| 210 | @a天津@c天津科学技术出版社@d1982 | |
| 215 | @a460页@d19cm | |
| 606 | 0 | @a胶原病 |
| 690 | @aR593.2@v3 | |
| 701 | 0 | @a张凤山@9zhang feng shan@4主编 |
| 701 | 0 | @a于淞@9yu song@4主编 |
| 801 | 0 | @aCN@bAzMarc@c20130904 |
| 905 | @aBZT@dR593.2@e5@f1@sR593.2/5 | |
| 结缔组织病/张凤山,于淞主编.-天津:天津科学技术出版社,1982 |
| 460页;19cm |
| ISBN 14212.48:CNY1.18 |
| ● |
| 相关链接 |
|
|
|
正题名:结缔组织病
索取号:R593.2/5
 
预约/预借
| 序号 | 登录号 | 条形码 | 馆藏地/架位号 | 状态 | 备注 |
| 1 | 2000136553 | 2000136553 | 旧书回溯/ [索取号:R593.2/5] | 在馆 |